| 000 | 00542cam a22001932 4500 | ||
|---|---|---|---|
| 001 | 0000000965 | ||
| 005 | 20170406113024.0 | ||
| 008 | 131121s xx 000 0 eng d | ||
| 020 | _c$ | ||
| 040 |
_aYour Holding Symbol _cYour Holding Symbol |
||
| 100 | 1 | _aDru,Alexander. | |
| 245 | 1 | 4 |
_aThe church in the nineteenth century : _bgermany 1800-1918. |
| 250 | _a ed. | ||
| 260 |
_alondon : _bBurns and Oates, _c1963. |
||
| 300 |
_a124 p. ; _c cm. |
||
| 504 | _abibliography. | ||
| 650 | 0 | _atheology. | |
| 908 | _a131121 | ||
| 999 |
_c884 _d884 |
||